000 00416nam a2200145Ia 4500
005 20250322130507.0
008 240331s9999 xx 000 0 und d
082 _bMAN
_a894
100 _aManoharan, T
245 0 _aIlankaiyil thamil ilakkiya valarchi
260 _aKalaivani Book Centre
_bJaffna & Kandy
_c1997
300 _a225 p .,
500 _aA book Ilaththu illakkiya kalai varalarinai patriyathu
942 _cL
999 _c4162
_d4162